header

The international journal of quality & reliability management. (Record no. 39023)

MARC details
000 -LEADER
fixed length control field 01446nam a2200313Ia 4500
245 04 - TITLE STATEMENT
Title The international journal of quality & reliability management.
260 ## - PUBLICATION, DISTRIBUTION, ETC. (IMPRINT)
Place of publication [Bradford, England] :
Name of publisher Emerald,
Year of publication 2008.
300 ## - PHYSICAL DESCRIPTION
Number of Pages 101 p. :
Other physical details ill.
490 0# - SERIES STATEMENT
Series statement The international journal of quality & reliability management ;
650 #0 - SUBJECT ADDED ENTRY--TOPICAL TERM
Topical Term Management.
Topical Term Quality control.
700 1# - ADDED ENTRY--PERSONAL NAME
Personal name Hunt, Robert A.
Personal name Killen, Catherine P.
856 40 - ELECTRONIC LOCATION AND ACCESS
Uniform Resource Identifier http://site.ebrary.com/lib/rucke/Doc?id=10229704

No items available.

© 2026 Rongo University
Contact us: librarian | system librarian | Rongo university